000 00429nam a2200181Ia 4500
001 13370
005 20260306164756.0
008 260306t2014||||xx |||||||||||||| ||spa||
041 _aESP
082 _a001.434
_bF49
100 _aFigueroa Montaño, Arturo
_eAUT
245 0 _aIntroducción a la metodología experimental
260 _c2014
300 _a
_c
650 _aGEN
654 _aCHU
942 _cLIB
_dJUS
_fJUS
_2ddc
_n
999 _c13370
_d13370